000 00814nam a22002417a 4500
005 20100818111233.0
010 _aENG-100814
020 _a9788186689356
_c50.00
035 _aEN-84347
037 _bDBAD/PUB
082 _a004.6
100 _aRajesh, K.
_915077
245 _aComputer networks with layers /
_cby K. Rajesh
260 _aChennai
_bShantha Publishers
_c2008
270 _a13/5, Sripuram II Street, Royapettah
_bChennai
_e600014
300 _a184 p.
_c22cm (Pbk)
500 _aIncludes bibliographical references
650 _aData transmission
_915078
650 _aCompute network
_915079
700 _94162
942 _2ddc
_cEN
_h004.6
_mRAJ
999 _c42381
_d42381